| 000 | 00590nam a2200217Ia 4500 | ||
|---|---|---|---|
| 005 | 20241129104143.0 | ||
| 008 | 241129s9999||||xx |||||||||||||| ||und|| | ||
| 020 | _a9781138668669 | ||
| 037 | _aAnnuals Advances | ||
| 040 |
_aRTL _beng _cRTL |
||
| 041 |
_aeng _2eng |
||
| 084 |
_aY:1 R0 _qRTL |
||
| 100 |
_aGroh Arnold _9725012 |
||
| 245 | 0 |
_aTheories of culture _cGroh Arnold |
|
| 260 |
_aNew York _bRoutledge _c2020 |
||
| 300 | _avi,335p. | ||
| 365 |
_aINR _b3748.93 |
||
| 650 |
_aCultural Theory _9725013 |
||
| 942 |
_cTB _hY:1 R0 |
||
| 999 |
_c1224651 _d1224651 |
||